The rothschilds : A family portrait

Uloženo v:
Podrobná bibliografie
Hlavní autor: Morton, Frederic
Médium: Kniha
Jazyk:Undetermined
Vydáno: London Penguin 1961
Témata:
Tagy: Přidat tag
Žádné tagy, Buďte první, kdo otaguje tento záznam!
Thư viện lưu trữ: Trung tâm Học liệu Trường Đại học Cần Thơ
LEADER 00541nam a2200217Ia 4500
001 CTU_87001
008 210402s9999 xx 000 0 und d
082 |a 923.34 
082 |b M889 
100 |a Morton, Frederic 
245 4 |a The rothschilds : 
245 2 |b A family portrait 
245 0 |c Frederic Morton 
260 |a London 
260 |b Penguin 
260 |c 1961 
650 |a Rothschild family,Bankers 
650 |x Biography 
650 |z Europe 
904 |i Truc 
980 |a Trung tâm Học liệu Trường Đại học Cần Thơ